[Event "Remote S7E Easy-196 email"]
[Site "Remote email"]
[Date "2014.08.16"]
[Round "?"]
[White "Klein, Werner"]
[Black "Klebe, Dieter"]
[Result "1-0"]
[WhiteElo "1748"]
[BlackElo "1594"]
[PlyCount "79"]
[EventDate "2014.??.??"]
[EventType "tourn (corr)"]
[EventRounds "6"]
[EventCountry "GER"]
[SourceTitle "Corr 2015"]
[Source "ChessBase"]
[SourceDate "2015.07.17"]
[SourceVersion "1"]
[SourceVersionDate "2015.07.17"]
[SourceQuality "1"]

1. e4 e6 2. d4 Nf6 3. e5 Nd5 4. c4 Bb4+ 5. Nd2 Qh4 6. cxd5 Qe4+ 7. Qe2 Qxd5 8. a3 Ba5 9. Qc4 Qe4+ 10. Ne2 0-0 11. b4 Qd5 12. Qxd5 exd5 13. bxa5 b6 14. Nf4 c6 15. axb6 axb6 16. Be2 Bb7 17. 0-0 c5 18. dxc5 bxc5 19. Bb2 d4 20. Bb5 Bc6 21. Bc4 d5 22. Nxd5 Nd7 23. Ne7+ Kh8 24. Nxc6 f6 25. Bd5 Ra4 26. Bb3 Ra6 27. Bd5 fxe5 28. Rae1 Rc8 29. Nxe5 Nf6 30. Nf7+ Kg8 31. Nd6+ Nxd5 32. Nxc8 h6 33. Ne7+ Nxe7 34. Rxe7 Rb6 35. Nc4 Rb3 36. Rc7 d3 37. Rxg7+ Kf8 38. Rg3 Ke7 39. Rd1 Ke6 40. Rdxd3 1-0

[Event "Remote S7E-172 email"]
[Site "Remote email"]
[Date "2014.08.14"]
[Round "?"]
[White "Klebe, Dieter"]
[Black "Pieleck, Rudolf"]
[Result "1-0"]
[WhiteElo "1594"]
[BlackElo "1583"]
[PlyCount "79"]
[EventDate "2014.??.??"]
[EventType "tourn (corr)"]
[EventRounds "6"]
[EventCountry "GER"]
[SourceTitle "Corr 2015"]
[Source "ChessBase"]
[SourceDate "2015.07.17"]
[SourceVersion "1"]
[SourceVersionDate "2015.07.17"]
[SourceQuality "1"]

1. e4 e6 2. Nf3 c5 3. Bc4 d5 4. exd5 exd5 5. Qe2+ Be7 6. Bb5+ Bd7 7. Bxd7+ Nxd7 8. 0-0 Ngf6 9. d4 Ne4 10. dxc5 0-0 11. b4 Bf6 12. c3 Re8 13. Qb5 b6 14. c6 a6 15. Qd3 Ne5 16. Nxe5 Bxe5 17. Bb2 Qc7 18. b5 Nc5 19. Qxd5 Bxh2+ 20. Kh1 axb5 21. Nd2 Bd6 22. c4 Re5 23. Bxe5 Bxe5 24. Rae1 Bd6 25. cxb5 Ne6 26. Ne4 Bb4 27. Rd1 Rd8 28. Qh5 Nf4 29. Rxd8+ Qxd8 30. Qg4 Ng6 31. Rd1 Qc7 32. Rd7 Qe5 33. Nf6+ Qxf6 34. Qxb4 Qa1+ 35. Kh2 Qe5+ 36. g3 Qh5+ 37. Kg2 Nf8 38. Qe7 Qc5 39. c7 Qxe7 40. Rxe7 1-0

[Event "Remote S7E-172 email"]
[Site "Remote email"]
[Date "2014.08.14"]
[Round "?"]
[White "Mueller Toepler, Michael"]
[Black "Klebe, Dieter"]
[Result "1-0"]
[WhiteElo "2000"]
[BlackElo "1594"]
[PlyCount "59"]
[EventDate "2014.??.??"]
[EventType "tourn (corr)"]
[EventRounds "6"]
[EventCountry "GER"]
[SourceTitle "Corr 2015"]
[Source "ChessBase"]
[SourceDate "2015.07.17"]
[SourceVersion "1"]
[SourceVersionDate "2015.07.17"]
[SourceQuality "1"]

1. e4 e6 2. Nc3 Be7 3. d4 Nf6 4. e5 Nd5 5. Qg4 g6 6. Nxd5 exd5 7. Bh6 d6 8. Qg3 Bh4 9. Qe3 Qe7 10. Ne2 Bf5 11. g3 Bf6 12. exf6 Qxe3 13. fxe3 Nd7 14. Nf4 Nxf6 15. Bg7 0-0-0 16. Bxf6 Rhe8 17. Bxd8 Rxe3+ 18. Kd2 Re4 19. Bf6 c5 20. Bd3 cxd4 21. Nxd5 Rg4 22. Ne7+ Kd7 23. Nxf5 Ke6 24. Nh6 Kxf6 25. Nxg4+ Kg5 26. Raf1 Kxg4 27. Rxf7 Kg5 28. Rhf1 h5 29. Rg7 Kg4 30. Bf5+ 1-0

[Event "Remote S7E Easy-195 email"]
[Site "Remote email"]
[Date "2014.08.03"]
[Round "?"]
[White "Guelker, Lorenz"]
[Black "Klebe, Dieter"]
[Result "1-0"]
[WhiteElo "2000"]
[BlackElo "1594"]
[PlyCount "61"]
[EventDate "2014.??.??"]
[EventType "tourn (corr)"]
[EventRounds "6"]
[EventCountry "GER"]
[SourceTitle "Corr 2015"]
[Source "ChessBase"]
[SourceDate "2015.07.17"]
[SourceVersion "1"]
[SourceVersionDate "2015.07.17"]
[SourceQuality "1"]

1. e4 e5 2. Nf3 Nc6 3. Bc4 Nf6 4. d4 exd4 5. e5 Ne4 6. Qe2 Bb4+ 7. Kf1 Na5 8. Bd5 f5 9. exf6 gxf6 10. a3 Qe7 11. axb4 c6 12. Qxe4 cxd5 13. Qxe7+ Kxe7 14. bxa5 Re8 15. Nxd4 d6 16. Nc3 Kf8 17. Bh6+ Kf7 18. Ncb5 Re7 19. Nxd6+ Kg6 20. Ra3 Re5 21. Rg3+ Kxh6 22. Nf7+ Kh5 23. Nxe5 fxe5 24. Nb5 Bd7 25. Nd6 b6 26. Nf7 Bb5+ 27. Kg1 Bd7 28. Nxe5 Bf5 29. h4 Bxc2 30. Rg5+ Kh6 31. Nf7# 1-0

[Event "Remote Random-183 email"]
[Site "Remote email"]
[Date "2014.08.03"]
[Round "?"]
[White "Klebe, Dieter"]
[Black "Nackas, Hans Juergen"]
[Result "0-1"]
[WhiteElo "1594"]
[BlackElo "2093"]
[PlyCount "44"]
[EventDate "2014.??.??"]
[EventType "tourn (corr)"]
[EventRounds "8"]
[EventCountry "GER"]
[SourceTitle "Corr 2015"]
[Source "ChessBase"]
[SourceDate "2015.07.17"]
[SourceVersion "1"]
[SourceVersionDate "2015.07.17"]
[SourceQuality "1"]

1. e4 e5 2. Nf3 Nc6 3. Nc3 Nf6 4. Bb5 Bb4 5. 0-0 0-0 6. d3 d6 7. Bg5 Ne7 8. Nh4 c6 9. Bc4 d5 10. Bb3 Qd6 11. exd5 Bxc3 12. bxc3 Nfxd5 13. Bxe7 Qxe7 14. Qh5 Nf4 15. Bxf7+ Rxf7 16. g3 Nxh5 17. Rae1 Bh3 18. Ng2 Qg5 19. Re4 Qd2 20. Rxe5 Raf8 21. Rxh5 Rxf2 22. Rxf2 Qxf2+ 0-1

[Event "Remote S7E Easy-195 email"]
[Site "Remote email"]
[Date "2014.08.03"]
[Round "?"]
[White "Tortoza, Carlos Alberto"]
[Black "Klebe, Dieter"]
[Result "1-0"]
[WhiteElo "1632"]
[BlackElo "1594"]
[PlyCount "99"]
[EventDate "2014.??.??"]
[EventType "tourn (corr)"]
[EventRounds "6"]
[EventCountry "GER"]
[SourceTitle "Corr 2015"]
[Source "ChessBase"]
[SourceDate "2015.07.17"]
[SourceVersion "1"]
[SourceVersionDate "2015.07.17"]
[SourceQuality "1"]

1. e4 e5 2. Nf3 Nc6 3. c3 Nf6 4. d4 Bd6 5. Bg5 0-0 6. Bc4 Be7 7. d5 Na5 8. Bd3 Nh5 9. Bxe7 Qxe7 10. 0-0 Nf4 11. Bc2 Nc4 12. b3 Nb2 13. Qd2 Qf6 14. Na3 c5 15. Bb1 Nbd3 16. Bxd3 Nxd3 17. Qxd3 a6 18. Nc2 b5 19. c4 b4 20. d6 Bb7 21. Rfd1 Qg6 22. Re1 a5 23. Nh4 Qh6 24. Nf5 Qg5 25. Qh3 g6 26. Ne7+ Kh8 27. Qxd7 Rab8 28. Rad1 Bc8 29. Nxc8 Rbxc8 30. Rd5 Rcd8 31. Qc7 Rc8 32. Qxa5 Ra8 33. Qxc5 Rxa2 34. Nxb4 Rb2 35. Rd3 Rd2 36. Rg3 Qf4 37. Rf3 Qg4 38. Qxe5+ Kg8 39. Nd5 Rxd5 40. Qxd5 Qd7 41. c5 Qb5 42. e5 Qb4 43. Kf1 h5 44. e6 Qb5+ 45. Kg1 Qb4 46. Rfe3 Qf4 47. e7 Re8 48. d7 Rxe7 49. d8Q+ Kh7 50. Rxe7 1-0

[Event "Remote Random-181 email"]
[Site "Remote email"]
[Date "2014.07.07"]
[Round "?"]
[White "Mantau, Jan"]
[Black "Klebe, Dieter"]
[Result "1-0"]
[WhiteElo "2013"]
[BlackElo "1594"]
[PlyCount "47"]
[EventDate "2014.??.??"]
[EventType "tourn (corr)"]
[EventRounds "7"]
[EventCountry "GER"]
[SourceTitle "Corr 2015"]
[Source "ChessBase"]
[SourceDate "2015.07.17"]
[SourceVersion "1"]
[SourceVersionDate "2015.07.17"]
[SourceQuality "1"]

1. e4 c5 2. Nf3 Nc6 3. d4 cxd4 4. Nxd4 g6 5. Nxc6 bxc6 6. Be2 Bb7 7. 0-0 Bh6 8. Bxh6 Nxh6 9. c4 0-0 10. Qd2 d5 11. Qxh6 dxe4 12. Nc3 c5 13. Rfd1 Qb6 14. b3 Qf6 15. Nd5 Bxd5 16. cxd5 Rad8 17. Rac1 Qb2 18. Qd2 Qd4 19. Qxd4 cxd4 20. Rxd4 f5 21. Rc7 e5 22. Rb4 a5 23. Rbb7 Rxd5 24. Rg7+ 1-0

[Event "Remote S7E-169 email"]
[Site "Remote email"]
[Date "2014.06.25"]
[Round "?"]
[White "Klebe, Dieter"]
[Black "Spieler, Freakie"]
[Result "0-1"]
[WhiteElo "1594"]
[BlackElo "2238"]
[PlyCount "80"]
[EventDate "2014.??.??"]
[EventType "tourn (corr)"]
[EventRounds "6"]
[EventCountry "GER"]
[SourceTitle "Corr 2015"]
[Source "ChessBase"]
[SourceDate "2015.07.17"]
[SourceVersion "1"]
[SourceVersionDate "2015.07.17"]
[SourceQuality "1"]

1. e4 e5 2. Nf3 Nf6 3. Nc3 Nc6 4. Bc4 Bc5 5. 0-0 d6 6. h3 Be6 7. Bxe6 fxe6 8. Ng5 Qd7 9. Nf3 0-0 10. a3 Nd4 11. Nxd4 exd4 12. Ne2 Nxe4 13. d3 Nf6 14. b4 Bb6 15. c4 dxc3 16. Nxc3 Bd4 17. Bd2 a5 18. b5 Bxc3 19. Bxc3 Qxb5 20. a4 Qh5 21. Qb3 Qd5 22. Qxd5 Nxd5 23. Bd4 Nf4 24. Be3 Nxd3 25. Ra2 c5 26. Rd2 c4 27. Bg5 d5 28. Be7 Rf7 29. Bh4 Nc5 30. Ra2 c3 31. Bg3 d4 32. Bd6 Ne4 33. Be5 d3 34. f3 c2 35. fxe4 Rxf1+ 36. Kxf1 c1Q+ 37. Kf2 Rf8+ 38. Kg3 Qe1+ 39. Kg4 Qxe4+ 40. Bf4 Qxf4+ 0-1

[Event "Remote S7E-169 email"]
[Site "Remote email"]
[Date "2014.06.25"]
[Round "?"]
[White "Langschmidt, Dirk"]
[Black "Klebe, Dieter"]
[Result "1-0"]
[WhiteElo "1960"]
[BlackElo "1594"]
[PlyCount "35"]
[EventDate "2014.??.??"]
[EventType "tourn (corr)"]
[EventRounds "6"]
[EventCountry "GER"]
[SourceTitle "Corr 2015"]
[Source "ChessBase"]
[SourceDate "2015.07.17"]
[SourceVersion "1"]
[SourceVersionDate "2015.07.17"]
[SourceQuality "1"]

1. e4 e6 2. d4 Nf6 3. e5 Ne4 4. Qg4 d5 5. f3 Bb4+ 6. c3 Nxc3 7. bxc3 Bf8 8. Bg5 Qd7 9. Bd3 g6 10. Bf6 Rg8 11. Nh3 Bg7 12. Qh4 Bxf6 13. exf6 b6 14. Qxh7 Rf8 15. Ng5 c5 16. Nxf7 Qxf7 17. Bxg6 Qxg6 18. Qe7# 1-0

[Event "Remote S7E-169 email"]
[Site "Remote email"]
[Date "2014.06.25"]
[Round "?"]
[White "Tortoza, Carlos Alberto"]
[Black "Klebe, Dieter"]
[Result "1-0"]
[WhiteElo "1632"]
[BlackElo "1594"]
[PlyCount "85"]
[EventDate "2014.??.??"]
[EventType "tourn (corr)"]
[EventRounds "6"]
[EventCountry "GER"]
[SourceTitle "Corr 2015"]
[Source "ChessBase"]
[SourceDate "2015.07.17"]
[SourceVersion "1"]
[SourceVersionDate "2015.07.17"]
[SourceQuality "1"]

1. d4 e6 2. e4 Nf6 3. e5 Nd5 4. c4 Bb4+ 5. Bd2 Bxd2+ 6. Qxd2 Nb6 7. Nc3 0-0 8. Nf3 d5 9. c5 Nc4 10. Bxc4 dxc4 11. 0-0 Nc6 12. a3 a6 13. Qc2 Nxd4 14. Qe4 Nb3 15. Rad1 Qe7 16. c6 b5 17. Nd4 Nxd4 18. Rxd4 b4 19. Nb1 c3 20. axb4 cxb2 21. Qc2 a5 22. Qxb2 axb4 23. Rxb4 Ba6 24. Rd1 Be2 25. Rd7 Qc5 26. h3 Bc4 27. Rxc7 Ra2 28. Qc3 Qd5 29. Rxc4 Qd1+ 30. Kh2 Rxf2 31. Rd7 Qxb1 32. c7 g6 33. Rd8 Qf1 34. Rxf8+ Kg7 35. Rg8+ Kxg8 36. c8Q+ Kg7 37. Qg3 Rf5 38. Rc5 Qf4 39. Rb5 Qa4 40. Rb8 Qd4 41. Qg8+ Kh6 42. Qf8+ Kh5 43. Qg7 1-0

[Event "Remote S7E Easy-193 email"]
[Site "Remote email"]
[Date "2014.06.20"]
[Round "?"]
[White "Henkel, Phil"]
[Black "Klebe, Dieter"]
[Result "1-0"]
[WhiteElo "2034"]
[BlackElo "1594"]
[PlyCount "45"]
[EventDate "2014.??.??"]
[EventType "tourn (corr)"]
[EventRounds "6"]
[EventCountry "GER"]
[SourceTitle "Corr 2015"]
[Source "ChessBase"]
[SourceDate "2015.07.17"]
[SourceVersion "1"]
[SourceVersionDate "2015.07.17"]
[SourceQuality "1"]

1. d4 e6 2. c4 Nf6 3. Nc3 Bb4 4. Nf3 Ne4 5. Bd2 Bxc3 6. Bxc3 Nxc3 7. bxc3 0-0 8. e4 d6 9. Be2 c5 10. 0-0 b6 11. d5 e5 12. a4 a5 13. Rb1 Nd7 14. Qb3 Rb8 15. Rb2 Nf6 16. Qc2 Ba6 17. Rfb1 Nd7 18. Qd2 Qc7 19. Nh4 Nf6 20. Nf5 Nxe4 21. Qe3 Nf6 22. Qg5 Qd8 23. Qxg7# 1-0

[Event "Remote-ch Class3 Gr.C email"]
[Site "Remote email"]
[Date "2014.04.20"]
[Round "?"]
[White "Skorna, Ullrich"]
[Black "Klebe, Dieter"]
[Result "1-0"]
[WhiteElo "2356"]
[BlackElo "1563"]
[PlyCount "57"]
[EventDate "2014.??.??"]
[EventType "tourn (corr)"]
[EventRounds "6"]
[EventCountry "GER"]
[SourceTitle "Corr 2015"]
[Source "ChessBase"]
[SourceDate "2015.07.17"]
[SourceVersion "1"]
[SourceVersionDate "2015.07.17"]
[SourceQuality "1"]

1. e4 e6 2. d4 d5 3. Nc3 Nf6 4. e5 Ne4 5. Nxe4 dxe4 6. Be3 Be7 7. Qg4 0-0 8. Bh6 g6 9. Bxf8 Qxf8 10. Qxe4 c6 11. h4 a6 12. h5 f5 13. exf6 Bxf6 14. hxg6 hxg6 15. Qxg6+ Qg7 16. Qxg7+ Kxg7 17. Nf3 b6 18. Bd3 Nd7 19. Be4 Bb7 20. Rh7+ Kf8 21. Rxd7 Bc8 22. Bxc6 Rb8 23. Ra7 Be7 24. 0-0-0 b5 25. Rh1 Kf7 26. Rh7+ Kf6 27. Raxe7 Kf5 28. Ref7+ Kg6 29. Be4# 1-0

[Event "Remote S7E-165 email"]
[Site "Remote email"]
[Date "2014.04.07"]
[Round "?"]
[White "Nackas, Hans Juergen"]
[Black "Klebe, Dieter"]
[Result "1-0"]
[WhiteElo "2053"]
[BlackElo "1563"]
[PlyCount "37"]
[EventDate "2014.??.??"]
[EventType "tourn (corr)"]
[EventRounds "6"]
[EventCountry "GER"]
[SourceTitle "Corr 2015"]
[Source "ChessBase"]
[SourceDate "2015.07.17"]
[SourceVersion "1"]
[SourceVersionDate "2015.07.17"]
[SourceQuality "1"]

1. Nf3 d6 2. d4 Nf6 3. c4 e6 4. Nc3 Be7 5. e4 d5 6. e5 Ne4 7. cxd5 exd5 8. Bd3 Nxc3 9. bxc3 f5 10. exf6 Bxf6 11. Ba3 Be7 12. Qe2 0-0 13. Bxe7 Qe8 14. Bxf8 Qxf8 15. 0-0 b6 16. Ng5 Nc6 17. Bxh7+ Kh8 18. Bg6 Bd7 19. Qh5+ 1-0

[Event "Remote S7E-165 email"]
[Site "Remote email"]
[Date "2014.04.07"]
[Round "?"]
[White "Tortoza, Carlos Alberto"]
[Black "Klebe, Dieter"]
[Result "0-1"]
[WhiteElo "1560"]
[BlackElo "1563"]
[PlyCount "116"]
[EventDate "2014.??.??"]
[EventType "tourn (corr)"]
[EventRounds "6"]
[EventCountry "GER"]
[SourceTitle "Corr 2015"]
[Source "ChessBase"]
[SourceDate "2015.07.17"]
[SourceVersion "1"]
[SourceVersionDate "2015.07.17"]
[SourceQuality "1"]

1. c4 e6 2. a3 Nf6 3. d3 Be7 4. Nc3 0-0 5. e4 c6 6. Nf3 d5 7. e5 d4 8. Ne2 Ng4 9. Nexd4 Bc5 10. h3 Nxf2 11. Kxf2 Bxd4+ 12. Be3 Bxb2 13. Ra2 Bc3 14. d4 Ba5 15. Rb2 Na6 16. Bd3 b6 17. Qc2 g6 18. Bg5 Qd7 19. Be3 f5 20. Bh6 Rf7 21. a4 c5 22. h4 cxd4 23. Ng5 Bb7 24. Nxf7 Qxf7 25. Bg5 Nc5 26. Bf6 Bc6 27. Ra2 Rb8 28. Qe2 Be4 29. Bxe4 Nxe4+ 30. Qxe4 fxe4 31. g4 Qc7 32. Rc1 Qc5 33. Kg3 d3 34. Kf4 Qd4 35. Rd1 e3+ 36. Kf3 d2 37. Ke2 Qxc4+ 38. Kxe3 Qxa2 39. Bg5 Qd5 40. Bf4 Qb3+ 41. Ke2 Qxa4 42. Bxd2 Qxg4+ 43. Ke1 Qxh4+ 44. Kf1 Rd8 45. Ke2 Qh2+ 46. Ke1 Bxd2+ 47. Kf1 Qf4+ 48. Ke2 Qxe5+ 49. Kf1 Rf8+ 50. Kg1 Qe3+ 51. Kh1 Qf3+ 52. Kh2 Qxd1 53. Kg3 Be1+ 54. Kh3 Qh5+ 55. Kg2 Rf2+ 56. Kg3 Rh2+ 57. Kf4 Bd2+ 58. Ke4 Qd5# 0-1

[Event "Remote S7E-164 email"]
[Site "Remote email"]
[Date "2014.03.09"]
[Round "?"]
[White "Klebe, Dieter"]
[Black "Phillipps, Siegfried"]
[Result "0-1"]
[WhiteElo "1563"]
[BlackElo "2112"]
[PlyCount "56"]
[EventDate "2014.??.??"]
[EventType "tourn (corr)"]
[EventRounds "6"]
[EventCountry "GER"]
[SourceTitle "Corr 2015"]
[Source "ChessBase"]
[SourceDate "2015.07.17"]
[SourceVersion "1"]
[SourceVersionDate "2015.07.17"]
[SourceQuality "1"]

1. e4 c5 2. Nf3 Nc6 3. Nc3 d6 4. Bc4 Nf6 5. 0-0 e6 6. d4 cxd4 7. Nxd4 Be7 8. Nxc6 bxc6 9. Be3 0-0 10. a3 d5 11. exd5 cxd5 12. Bb3 Bd7 13. a4 Qc7 14. a5 Rab8 15. g3 Bc6 16. Rb1 Rfd8 17. Ba4 d4 18. Bxd4 Ba8 19. Nb5 Qb7 20. f3 e5 21. c3 a6 22. Na7 exd4 23. Nc6 dxc3 24. Nxd8 Rxd8 25. Qe2 Bc5+ 26. Rf2 Rd2 27. Qf1 Qxf3 28. bxc3 Qh1# 0-1

[Event "Remote S7E Easy email"]
[Site "Remote email"]
[Date "2014.02.26"]
[Round "?"]
[White "Baer, Cy"]
[Black "Klebe, Dieter"]
[Result "1-0"]
[WhiteElo "1792"]
[BlackElo "1563"]
[PlyCount "93"]
[EventDate "2014.??.??"]
[EventType "tourn (corr)"]
[EventRounds "6"]
[EventCountry "GER"]
[SourceTitle "Corr 2015"]
[Source "ChessBase"]
[SourceDate "2015.07.17"]
[SourceVersion "1"]
[SourceVersionDate "2015.07.17"]
[SourceQuality "1"]

1. e4 e6 2. Nf3 Nc6 3. Bc4 Nf6 4. Nc3 Be7 5. 0-0 0-0 6. e5 Ng4 7. d4 d5 8. Bd3 Nxd4 9. Nxd4 Nxe5 10. Bxh7+ Kxh7 11. Qh5+ Kg8 12. Qxe5 Bd6 13. Qh5 g6 14. Qh6 Be5 15. Nf3 Qd6 16. Ng5 Bxh2+ 17. Qxh2 Qxh2+ 18. Kxh2 Kg7 19. Bf4 Rh8+ 20. Kg3 f6 21. Nf3 c5 22. Nb5 Bd7 23. Nd6 e5 24. Bd2 e4 25. Nh4 d4 26. Nxe4 b6 27. Rh1 Bc6 28. f3 Bxe4 29. fxe4 Rae8 30. Rae1 g5 31. Nf5+ Kg6 32. Kf3 Rxh1 33. Rxh1 Kf7 34. Nd6+ Ke7 35. Nb5 Ke6 36. Nc7+ Kd7 37. Nxe8 Kxe8 38. Rh7 a5 39. Kg4 b5 40. Bxa5 b4 41. Kf5 c4 42. Ke6 Kf8 43. Kxf6 Kg8 44. Kg6 d3 45. Bxb4 dxc2 46. Rf7 c1Q 47. Rf8# 1-0

[Event "Remote S7E Easy email"]
[Site "Remote email"]
[Date "2014.02.26"]
[Round "?"]
[White "Klebe, Dieter"]
[Black "Fischer, Juergen"]
[Result "1/2-1/2"]
[WhiteElo "1563"]
[BlackElo "1713"]
[PlyCount "54"]
[EventDate "2014.??.??"]
[EventType "tourn (corr)"]
[EventRounds "6"]
[EventCountry "GER"]
[SourceTitle "Corr 2015"]
[Source "ChessBase"]
[SourceDate "2015.07.17"]
[SourceVersion "1"]
[SourceVersionDate "2015.07.17"]
[SourceQuality "1"]

1. e4 c5 2. Nf3 Nc6 3. Bc4 e6 4. 0-0 d5 5. exd5 exd5 6. Re1+ Be7 7. Bb5 Nf6 8. Ne5 0-0 9. Nxc6 bxc6 10. Bxc6 Rb8 11. Nc3 d4 12. Nb5 a6 13. Na7 Bd7 14. Bf3 Rb6 15. c3 Re8 16. cxd4 c4 17. b3 Qb8 18. bxc4 Qxa7 19. c5 Re6 20. Rxe6 Bxe6 21. Ba3 Nd5 22. Bxd5 Bxd5 23. Qh5 Qd7 24. Re1 g6 25. Qe2 Qc6 26. f3 Bxa2 27. d3 Bd5 1/2-1/2

[Event "Remote Random-174 email"]
[Site "Remote email"]
[Date "2014.02.20"]
[Round "?"]
[White "Beetzen, Michael"]
[Black "Klebe, Dieter"]
[Result "1-0"]
[WhiteElo "2382"]
[BlackElo "1563"]
[PlyCount "47"]
[EventDate "2014.??.??"]
[EventType "tourn (corr)"]
[EventRounds "5"]
[EventCountry "GER"]
[SourceTitle "Corr 2015"]
[Source "ChessBase"]
[SourceDate "2015.07.17"]
[SourceVersion "1"]
[SourceVersionDate "2015.07.17"]
[SourceQuality "1"]

1. e4 c6 2. d4 d5 3. Nc3 dxe4 4. Nxe4 Bf5 5. Ng3 Bg6 6. h4 h6 7. Nf3 Nd7 8. Bd3 Bxd3 9. Qxd3 Qa5+ 10. Bd2 Qd5 11. c4 Qe6+ 12. Kf1 0-0-0 13. Qc3 Kb8 14. Re1 Qf6 15. Qa5 Nb6 16. Ne4 Qe6 17. c5 Qc4+ 18. Kg1 e6 19. cxb6 axb6 20. Bf4+ Kc8 21. Qa8+ Kd7 22. Qxb7+ Ke8 23. Ne5 Qxd4 24. Qxf7# 1-0

[Event "Remote Random-174 email"]
[Site "Remote email"]
[Date "2014.02.20"]
[Round "?"]
[White "Klebe, Dieter"]
[Black "Elschner, Gerald"]
[Result "0-1"]
[WhiteElo "1563"]
[BlackElo "2174"]
[PlyCount "60"]
[EventDate "2014.??.??"]
[EventType "tourn (corr)"]
[EventRounds "5"]
[EventCountry "GER"]
[SourceTitle "Corr 2015"]
[Source "ChessBase"]
[SourceDate "2015.07.17"]
[SourceVersion "1"]
[SourceVersionDate "2015.07.17"]
[SourceQuality "1"]

1. e4 c6 2. d4 d5 3. Nc3 dxe4 4. Nxe4 Bf5 5. Ng3 Bg6 6. h4 h6 7. Nf3 Nd7 8. h5 Bh7 9. Bd3 Bxd3 10. cxd3 e6 11. 0-0 Ngf6 12. Ne5 Be7 13. b3 0-0 14. Nxd7 Qxd7 15. Bb2 a5 16. a4 Rfd8 17. Ne4 Nd5 18. Ba3 Bxa3 19. Rxa3 Nb4 20. Nc5 Qxd4 21. Nxb7 Rd7 22. Nc5 Qxc5 23. d4 Rxd4 24. Qf3 Rh4 25. Raa1 Nc2 26. Rac1 Qe5 27. Qg3 Qxh5 28. f3 Rh1+ 29. Kf2 Qc5+ 30. Ke2 Qe3+ 0-1

[Event "Remote No Engine Nah2-13 email"]
[Site "Remote email"]
[Date "2014.01.23"]
[Round "?"]
[White "Gottwald, Bernhard"]
[Black "Klebe, Dieter"]
[Result "0-1"]
[WhiteElo "1795"]
[BlackElo "1563"]
[PlyCount "72"]
[EventDate "2014.??.??"]
[EventType "tourn (corr)"]
[EventRounds "6"]
[EventCountry "GER"]
[SourceTitle "Corr 2015"]
[Source "ChessBase"]
[SourceDate "2015.07.17"]
[SourceVersion "1"]
[SourceVersionDate "2015.07.17"]
[SourceQuality "1"]

1. d4 e6 2. c4 Nf6 3. Nc3 Bb4 4. Qc2 0-0 5. e3 d5 6. Bd2 c5 7. Nf3 Nc6 8. cxd5 exd5 9. Be2 g6 10. 0-0 c4 11. e4 Nxe4 12. Nxe4 dxe4 13. Qxe4 Bxd2 14. Nxd2 Na5 15. g4 Be6 16. Bf3 f5 17. Qxe6+ Kg7 18. Qe5+ Kg8 19. Bd5+ Rf7 20. Bxf7+ Kxf7 21. Rfe1 Nc6 22. Qe6+ Kg7 23. d5 Nb4 24. d6 Nc2 25. Qe7+ Kh6 26. g5+ Kh5 27. Qxh7+ Kxg5 28. Nf3+ Kg4 29. Ne5+ Kf4 30. Nxg6+ Kg4 31. h3+ Kg5 32. Ne5 Qf6 33. f4+ Kxf4 34. Ng6+ Kf3 35. Qe7 Qxg6+ 36. Kf1 Qg2# 0-1

[Event "Remote No Engine Nah2-13 email"]
[Site "Remote email"]
[Date "2014.01.23"]
[Round "?"]
[White "Klebe, Dieter"]
[Black "Guelker, Lorenz"]
[Result "1/2-1/2"]
[WhiteElo "1595"]
[BlackElo "2043"]
[PlyCount "54"]
[EventDate "2014.??.??"]
[EventType "tourn (corr)"]
[EventRounds "6"]
[EventCountry "GER"]
[SourceTitle "Corr 2015"]
[Source "ChessBase"]
[SourceDate "2015.07.17"]
[SourceVersion "1"]
[SourceVersionDate "2015.07.17"]
[SourceQuality "1"]

1. e4 e5 2. Nf3 Nc6 3. Bc4 Nf6 4. 0-0 Bc5 5. Nc3 0-0 6. d3 h6 7. a3 d6 8. Nh4 Nxe4 9. Nxe4 Qxh4 10. g3 Qe7 11. Nxc5 dxc5 12. c3 Bh3 13. Re1 a6 14. Qh5 Na5 15. Qxh3 Nxc4 16. dxc4 Rad8 17. Bf4 f6 18. b4 Qf7 19. bxc5 exf4 20. g4 Qxc4 21. Qf3 c6 22. Re4 Qxc5 23. Rxf4 g5 24. Rxf6 Kg7 25. Rxf8 Rxf8 26. Qe3 Qxe3 27. fxe3 Rd8 1/2-1/2

[Event "Remote S7E Easy-184 email"]
[Site "Remote email"]
[Date "2014.01.21"]
[Round "?"]
[White "Fischer, Juergen"]
[Black "Klebe, Dieter"]
[Result "1/2-1/2"]
[WhiteElo "1679"]
[BlackElo "1595"]
[PlyCount "55"]
[EventDate "2014.??.??"]
[EventType "tourn (corr)"]
[EventRounds "6"]
[EventCountry "GER"]
[SourceTitle "Corr 2015"]
[Source "ChessBase"]
[SourceDate "2015.07.17"]
[SourceVersion "1"]
[SourceVersionDate "2015.07.17"]
[SourceQuality "1"]

1. e4 e6 2. d4 Nf6 3. Nc3 Bb4 4. Bd3 0-0 5. Bd2 d5 6. a3 Bxc3 7. Bxc3 dxe4 8. Bc4 c6 9. Qe2 b5 10. Bb3 Ba6 11. Qd2 Qc7 12. 0-0-0 Nd5 13. Ne2 b4 14. axb4 Bxe2 15. Qxe2 f5 16. g3 a5 17. Bxd5 exd5 18. b3 axb4 19. Bb2 f4 20. f3 fxg3 21. hxg3 exf3 22. Qf2 Nd7 23. Rde1 Nb6 24. Rh3 Qf7 25. g4 Qf4+ 26. Re3 Rae8 27. Rhxf3 Qxg4 28. Qg3 1/2-1/2

[Event "Remote Random-173 email"]
[Site "Remote email"]
[Date "2014.01.21"]
[Round "?"]
[White "Klebe, Dieter"]
[Black "Baer, Cy"]
[Result "0-1"]
[WhiteElo "1563"]
[BlackElo "1792"]
[PlyCount "124"]
[EventDate "2014.??.??"]
[EventType "tourn (corr)"]
[EventRounds "14"]
[EventCountry "GER"]
[SourceTitle "Corr 2015"]
[Source "ChessBase"]
[SourceDate "2015.07.17"]
[SourceVersion "1"]
[SourceVersionDate "2015.07.17"]
[SourceQuality "1"]

1. Nf3 Nf6 2. c4 c5 3. g3 b6 4. Bg2 Bb7 5. b3 e6 6. 0-0 Be7 7. Bb2 0-0 8. Nc3 d6 9. Nh4 d5 10. e3 Nc6 11. d4 dxc4 12. bxc4 cxd4 13. exd4 Nd7 14. d5 exd5 15. cxd5 Nce5 16. Nf5 Bf6 17. Ne4 Ng6 18. Bxf6 Nxf6 19. Nxf6+ Qxf6 20. Ne3 Rfd8 21. Ng4 Qg5 22. h3 Bxd5 23. Bxd5 Rxd5 24. Qb3 Rad8 25. Ne3 Rd3 26. Qc4 Rxe3 27. fxe3 Qxg3+ 28. Kh1 Qxh3+ 29. Kg1 Qxe3+ 30. Rf2 Qg5+ 31. Rg2 Qe3+ 32. Rf2 Qg3+ 33. Rg2 Qe5 34. Kh1 Qxa1+ 35. Kh2 Qe5+ 36. Kh1 Qh5+ 37. Kg1 Rd1+ 38. Kf2 Qf5+ 39. Kg3 Qe5+ 40. Kf3 Qd5+ 41. Qxd5 Rxd5 42. Ke4 Rc5 43. a3 b5 44. Kd4 Rc4+ 45. Ke3 Rc3+ 46. Kd4 Rxa3 47. Kc5 Rb3 48. Rd2 h5 49. Rd7 a5 50. Ra7 a4 51. Ra8+ Kh7 52. Ra7 f5 53. Rf7 f4 54. Rf5 h4 55. Rh5+ Kg8 56. Rg5 Rg3 57. Rd5 a3 58. Kxb5 a2 59. Rd1 Rb3+ 60. Ka4 Rb1 61. Rd8+ Kh7 62. Rd5 a1R# 0-1